Wypisz wszystkie piosenki Zeamsone z albumu 777 - Statystyki

Ogólne statystyki
  • Ten quiz został rozwiązany 14 razy
    13 od ostatniego zresetowania
  • Średni wynik to 10 z 15
Statystyki odpowiedzi
# Piosenka % Poprawnych
9 ABCD ft. White 2115
100%
4 bb remix
100%
12 Ballada
86%
3 Jedna Noc
86%
2 XD
86%
10 Dystans
71%
8 San Andreas
71%
11 ten trueschoolowy ft. Jan-rapowanie
71%
1 Ain’t Trippin’
57%
6 Metro ft. Wac Toja
57%
13 Przyjacielu export
57%
5 rosegold
57%
7 777 WAYS TO MY HEAVEN
43%
15 SOS FREESTYLE BONUS TRACK
43%
14 GRO55 NIGHT ft. Vitali BONUS TRACK
29%
Nie znaleziono quizów pasujących do podanych kryteriów
Rozkład punktacji
Procent ludzi z każdym wynikiem
Percentyl według liczby udzielonych odpowiedzi
Twoja historia wyników
Nie rozwiązałeś tego quizu od ostatniego zresetowania